Bad Bunny - LAS QUE NO IBAN A SALIR - Statistics

General Stats
  • This quiz has been taken 48 times
  • The average score is 8 of 10
Answer Stats
# Track Name % Correct
5 PA’ ROMPERLA
92%
4 CANCIÓN CON YANDEL
85%
6 BAD CON NICKY
81%
7 BENDICIONES
77%
3 BYE ME FUI
77%
8 CÓMO SE SIENTE (REMIX)
73%
9 RONCA FREESTYLE
73%
10 EN CASITA
69%
1 SI ELLA SALE
69%
2 MÁS DE UNA CITA
62%
No matching quizzes found
Score Distribution
Percent of People with Each Score
Percentile by Number Answered
Your Score History
You have not taken this quiz